Το τουριστικό κύκλωμα : αγορά - ταξίδι - προορισμός - marketing
Αποθηκεύτηκε σε:
| Κύριος συγγραφέας: | |
|---|---|
| Μορφή: | Βιβλίο |
| Γλώσσα: | Greek |
| Δημοσίευση: |
Αθήνα :
Τουμπής Α.Ε.,
2022.
|
| Θέματα: | |
| Ετικέτες: |
Προσθήκη ετικέτας
Δεν υπάρχουν, Καταχωρήστε ετικέτα πρώτοι!
|
MARC
| LEADER | 00000cam a2200000 a 4500 | ||
|---|---|---|---|
| 001 | 1/125350 | ||
| 008 | 220915t2022####gr | | ||| |||| ||gre|| | ||
| 020 | |a 9786188435223 |q (χαρτόδετο) | ||
| 040 | |a GR-MyUa |b gre |c GR-MyUa |e AACR2 | ||
| 041 | 0 | |a gre | |
| 082 | 7 | |a 338.4791 |2 (23) | |
| 100 | 1 | |a Λογοθέτης, Μιλτιάδης Ι. |e aut | |
| 245 | 1 | 0 | |a Το τουριστικό κύκλωμα : |b αγορά - ταξίδι - προορισμός - marketing / |c Μιλτιάδης Λογοθέτης. |
| 260 | |a Αθήνα : |b Τουμπής Α.Ε., |c 2022. | ||
| 300 | |a 230 σ. : |b πίν. ; |c 24 εκ. | ||
| 504 | |a Βιβλιογραφία: σ. 196-202. | ||
| 650 | 0 | |a Tourism | |
| 852 | |a INST |b CHIOS |e 20220915 |h 338.4791 ΛΟΓ |p 005200040596 |q 005200040596 |t BK |y 0 | ||
| 970 | |a Σπέντζα |b Ελένη |z 15-09-2022 | ||